00353nam a2200133Ia 4500008004100000041000800041082001400049100002300063245005200086250001400138260003200152300003000184365000500214240624s9999 xx 000 0 und d aeng a332.6 FRA aFRANCIS JACK CLARK aSCHAUM S OUTLINES OF THEORY AND PROBLEMS OF INV a(2nd ed.) c2000aNew DelhibMcGrawhill axi, : 330 : p. : cm. ; 27 c